|
|
|
|
| LEADER |
00000nas a2200000 a 4500 |
| 001 |
ssj0000389572 |
| 003 |
WaSeSS |
| 005 |
20200512172242.0 |
| 006 |
m d |
| 007 |
cr n |
| 008 |
100719c20109999nyu x p s 0 a0eng c |
| 010 |
|
|
|a 2011243327
|
| 016 |
7 |
|
|a 2573566-4
|2 DE-600
|
| 016 |
7 |
|
|a 101526295
|2 DNLM
|
| 016 |
7 |
|
|a 018991096
|2 Uk
|
| 022 |
|
|
|a 2090-0716
|l 2090-0708
|y 2090-0708
|
| 035 |
|
|
|a (WaSeSS)ssj0000389572
|
| 040 |
|
|
|a YUH
|b eng
|e pn
|c YUH
|d HEBIS
|d NTE
|d NLM
|d CUS
|d OCLCQ
|d OCLCF
|d SELUL
|d HTM
|d EUW
|d OCLCQ
|d DLC
|d OCLCQ
|d WY@
|d OCLCO
|d OCLCA
|d OCLCQ
|d OCLCA
|d UKMGB
|d WaSeSS
|
| 042 |
|
|
|a pcc
|
| 050 |
0 |
0 |
|a RC628
|
| 060 |
1 |
0 |
|a W1
|
| 130 |
0 |
|
|a Journal of obesity (Online)
|
| 210 |
1 |
0 |
|a J Obes
|2 dnlm
|
| 245 |
1 |
0 |
|a Journal of obesity
|h [electronic resource].
|
| 260 |
|
|
|a New York ;
|a Cairo, Egypt :
|b Hindawi Pub. Corp.,
|c 2010-
|
| 310 |
|
|
|a Irregular
|
| 362 |
1 |
|
|a Began with 2010 (2010).
|
| 506 |
|
|
|a License restrictions may limit access.
|
| 515 |
|
|
|a Articles added consectively to current annual volume.
|
| 538 |
|
|
|a Mode of access: World Wide Web.
|
| 588 |
|
|
|a Description based on: Vol. 2010 2010; title from PDF caption (publisher's Web site, viewed May 5, 2011).
|
| 588 |
|
|
|a Latest issue consulted: Vol. 2016 (2016) (viewed Jul. 8, 2016).
|
| 650 |
|
0 |
|a Obesity
|v Periodicals.
|
| 650 |
1 |
2 |
|a Obesity.
|
| 650 |
|
7 |
|a Obesity.
|2 fast
|0 (OCoLC)fst01042738
|
| 655 |
|
0 |
|a Electronic journals.
|
| 776 |
0 |
8 |
|i Print version:
|t Journal of obesity
|x 2090-0708
|
| 850 |
|
|
|a DLC
|
| 856 |
4 |
0 |
|z Full text available from Research Library: 01/01/2014 to present
|u https://search.proquest.com/publication/2037499
|